[Event "27th 4NCL Congress Open 2022"]
[Site "Harrogate"]
[Date "2022.01.22"]
[Round "2.23"]
[White "Coates, Sam"]
[Black "Bayford, Jim R"]
[Result "1-0"]
[WhiteElo "1689"]
[BlackElo "2023"]
[Annotator "NA"]
[PlyCount "79"]
[EventDate "2022.01.21"]
[EventType "swiss"]
[EventCountry "ENG"]
[SourceTitle "playchess.com"]
[Source "ChessBase"]
[SourceQuality "1"]
[TimeControl "5400+30"]

1. c4 {[%emt 0:00:07]} e5 {[%emt 0:00:26]} 2. Nc3 {[%emt 0:00:46]} Nf6 {[%emt 0:01:09]} 3. g3 {[%emt 0:01:55]} d5 {[%emt 0:01:28]} 4. cxd5 {[%emt 0:01:20]} Nxd5 {[%emt 0:00:20]} 5. Bg2 {[%emt 0:00:52]} Nxc3 {[%emt 0:00:53]} 6. bxc3 {[%emt 0:00:25]} c6 {[%emt 0:01:09]} 7. Nf3 {[%emt 0:05:38]} Bd6 {[%emt 0:01:12]} 8. O-O {[%emt 0:01:25]} O-O {[%emt 0:00:25]} 9. d3 {[%emt 0:08:55]} h6 {[%emt 0:01:51]} 10. Qc2 {[%emt 0:02:14]} Bf5 {[%emt 0:04:24]} 11. Nd2 {[%emt 0:06:29]} Nd7 {[%emt 0:01:30]} 12. Nc4 {[%emt 0:02:28]} Bc7 {[%emt 0:01:26]} 13. f4 {[%emt 0:03:04]} exf4 {[%emt 0:04:02]} 14. Bxf4 {[%emt 0:00:35]} Bg6 {[%emt 0:02:16]} 15. Rad1 {[%emt 0:04:58]} Nb6 {[%emt 0:01:10]} 16. Ne5 {[%emt 0:05:45]} Bh7 {[%emt 0:04:53]} 17. e4 {[%emt 0:02:34]} g5 {[%emt 0:02:08]} 18. Ng4 {[%emt 0:08:43]} gxf4 {[%emt 0:00:50]} 19. gxf4 {[%emt 0:01:48]} h5 {[%emt 0:07:52]} 20. Ne3 {[%emt 0:07:53]} Qh4 {[%emt 0:02:27]} 21. e5 {[%emt 0:00:31]} Nd5 {[%emt 0:02:40]} 22. Nxd5 {[%emt 0:01:33]} cxd5 {[%emt 0:05:22]} 23. Bxd5 {[%emt 0:00:50]} Kh8 {[%emt 0:01:42]} 24. Kh1 {[%emt 0:00:53]} Bb6 {[%emt 0:02:43]} 25. Qe2 {[%emt 0:02:46]} Bf5 {[%emt 0:02:45]} 26. d4 $17 {[%emt 0:05:39]} Bg4 {[%emt 0:08:14]} 27. Bf3 {[%emt 0:01:19]} Rg8 {[%emt 0:00:35]} 28. Rg1 {[%emt 0:09:26]} Rac8 {[%emt 0:05:18]} 29. Rd3 {[%emt 0:04:12]} Bxf3+ {[%emt 0:04:37]} 30. Rxf3 {[%emt 0:00:18]} Rxg1+ {[%emt 0:04:58]} 31. Kxg1 {[%emt 0:00:03]} Qg4+ {[%emt 0:00:28]} 32. Kf1 {[%emt 0:03:13]} Rg8 {[%emt 0:02:20]} 33. Qf2 {[%emt 0:00:42]} Qf5 {[%emt 0:01:29]} 34. Rg3 {[%emt 0:02:46]} Qb1+ {[%emt 0:04:47]} 35. Kg2 {[%emt 0:00:21]} Qe4+ {[%emt 0:01:38]} 36. Kh3 {[%emt 0:02:35]} Qf5+ {[%emt 0:01:24]} 37. Kg2 {[%emt 0:00:27]} Bd8 {[%emt 0:01:15]} 38. Qf3 {[%emt 0:01:07]} Qc2+ {[%emt 0:05:02]} 39. Kh3 {[%emt 0:00:16]} Qxa2 {[%emt 0:00:19]} 40. Qxh5# {[%emt 0:00:06]} 1-0

[Event "27th 4NCL Congress Open 2022"]
[Site "Harrogate"]
[Date "2022.01.22"]
[Round "2.24"]
[White "May, Paul"]
[Black "Faulkner, Martin J"]
[Result "0-1"]
[WhiteElo "1735"]
[BlackElo "1833"]
[Annotator "NA"]
[PlyCount "78"]
[EventDate "2022.01.21"]
[EventType "swiss"]
[EventCountry "ENG"]
[SourceTitle "playchess.com"]
[Source "ChessBase"]
[SourceQuality "1"]
[TimeControl "5400+30"]

1. d4 {[%emt 0:00:03]} Nf6 {[%emt 0:00:03]} 2. c4 {[%emt 0:00:05]} e6 {[%emt 0:00:04]} 3. Nc3 {[%emt 0:00:06]} Bb4 {[%emt 0:00:05]} 4. f3 {[%emt 0:00:33]} O-O {[%emt 0:00:18]} 5. a3 {[%emt 0:00:45]} Bxc3+ {[%emt 0:00:43]} 6. bxc3 {[%emt 0:00:09]} Ne8 {[%emt 0:04:23]} 7. e4 {[%emt 0:07:58]} b6 {[%emt 0:01:08]} 8. Bd3 {[%emt 0:05:42]} Ba6 {[%emt 0:02:47]} 9. e5 {[%emt 0:12:35]} Nc6 {[%emt 0:08:18]} 10. Qc2 {[%emt 0:07:08]} h6 {[%emt 0:00:19]} 11. Be3 {[%emt 0:06:26]} Na5 {[%emt 0:02:06]} 12. Qe2 {[%emt 0:00:49]} d5 {[%emt 0:07:34]} 13. cxd5 {[%emt 0:07:21]} Bxd3 {[%emt 0:01:41]} 14. Qxd3 {[%emt 0:00:08]} Qxd5 {[%emt 0:14:44]} 15. Ne2 {[%emt 0:08:19]} Rd8 {[%emt 0:03:00]} 16. Qc2 {[%emt 0:12:57]} Nc4 {[%emt 0:03:08]} 17. Bc1 {[%emt 0:04:06]} c5 {[%emt 0:06:21]} 18. Nf4 {[%emt 0:04:30]} Qc6 {[%emt 0:00:59]} 19. Ne2 {[%emt 0:04:01]} Nc7 {[%emt 0:04:52]} 20. Qe4 {[%emt 0:03:48]} Qxe4 {[%emt 0:06:23]} 21. fxe4 {[%emt 0:00:06]} cxd4 {[%emt 0:00:27]} 22. cxd4 {[%emt 0:01:08]} Nb5 {[%emt 0:00:11]} 23. O-O {[%emt 0:05:05]} Nxd4 {[%emt 0:00:10]} 24. Ng3 {[%emt 0:01:28]} Nb3 {[%emt 0:06:48]} 25. Ra2 {[%emt 0:00:55]} Nxe5 {[%emt 0:01:59]} 26. Be3 {[%emt 0:02:56]} Rd3 {[%emt 0:04:47]} 27. Bf4 {[%emt 0:01:52]} Nc4 {[%emt 0:00:36]} 28. Nh5 {[%emt 0:01:00]} Rfd8 {[%emt 0:01:52]} 29. a4 {[%emt 0:01:49]} Ncd2 {[%emt 0:04:08]} 30. Re1 {[%emt 0:00:54]} Nc4 {[%emt 0:01:01]} 31. Rf1 {[%emt 0:00:26]} Nc5 {[%emt 0:01:01]} 32. Re1 {[%emt 0:00:32]} e5 {[%emt 0:00:39]} 33. Bc1 {[%emt 0:00:22]} Rd1 {[%emt 0:00:50]} 34. Rae2 {[%emt 0:00:51]} Rxe1+ {[%emt 0:02:27]} 35. Rxe1 {[%emt 0:00:07]} Nxa4 {[%emt 0:00:30]} 36. Ng3 {[%emt 0:00:16]} Nc3 {[%emt 0:00:43]} 37. Nf5 {[%emt 0:00:42]} Kf8 {[%emt 0:01:01]} 38. Kf2 {[%emt 0:00:42]} a5 {[%emt 0:00:42]} 39. h3 {[%emt 0:00:45]} a4 {[%emt 0:00:39]} 0-1

[Event "27th 4NCL Congress Open 2022"]
[Site "Harrogate"]
[Date "2022.01.22"]
[Round "3.1"]
[White "Arkell, Keith C"]
[Black "Hunt, Harriet V"]
[Result "1-0"]
[WhiteElo "2370"]
[BlackElo "2413"]
[Annotator "TA"]
[PlyCount "115"]
[EventDate "2022.01.21"]
[EventType "swiss"]
[EventCountry "ENG"]
[SourceTitle "playchess.com"]
[Source "ChessBase"]
[SourceQuality "1"]

{[%evp 15,115,33,34,39,47,62,56,37,34,27,44,34,32,25,55,14,42,57,87,77,74,85,78,79,98,96,108,120,111,118,139,136,135,27,93,84,93,89,96,87,136,138,127,134,197,187,185,184,325,279,357,344,335,177,177,136,135,133,132,132,137,108,107,102,635,441,443,254,233,127,119,78,79,79,86,83,185,177,170,89,98,98,202,209,479,229,437,224,231,212,412,420,412,405,1220,358,452,402,457,289,384,312]} 1. d4 Nf6 2. Nf3 e6 3. c4 b6 4. g3 Ba6 {[%cal Bc8a6,Ba6b5,Bb5c6][%mdl 32]} 5. b3 b5 6. cxb5 Bxb5 7. Bg2 Bc6 8. O-O a5 9. Bg5 {E15: Queen's Indian: 4 g3 sidelines, 4 g3 Ba6 and 4 g3 Bb7 early deviations.} h6 10. Bxf6 Qxf6 11. Nc3 {White is slightly better.} Bb4 {[#]} 12. Rc1 $146 ({Predecessor:} 12. Qc2 O-O 13. a3 Bxc3 14. Qxc3 Rc8 15. Rfc1 Bd5 16. Qd3 c5 17. e4 Bb7 18. e5 Qe7 19. Ng5 {1-0 (19) Bayer,B (2434)-Deglmann,L (2324) Augsburg 2012}) 12... Na6 13. Qd3 Ba3 14. Rcd1 Nb4 15. Qb1 (15. Qd2 $14 {is more appropriate.} Nd5 16. Ne5) 15... O-O (15... Bxf3 $5 16. Bxf3 c6 $11) 16. Ne5 {aiming for Bxc6.} Nd5 17. Ne4 {Pair of Knights!} Qe7 18. Nxc6 dxc6 19. Qc2 $1 Nb4 20. Qc4 a4 21. Nc5 {[%cal Be4c5,Bc5d3,Bd3e5,Be5c6][%mdl 32]} axb3 22. axb3 ({Resist} 22. Qxb3 Nd5 $14) 22... Nd5 23. Nd3 Rab8 24. Qxc6 (24. Ra1 $16) 24... Rfd8 (24... Rxb3 $11 {keeps the balance.} 25. Rb1 (25. Bxd5 Rb6 $14) 25... Rc3) 25. Qc4 $16 Nb6 26. Qc3 Nd5 {Inhibits b4.} 27. Qc2 Rb6 (27... Bd6 $142) 28. Ne5 {Hoping for Nc6.} Nb4 29. Qc4 {White is more active.} Qd6 (29... f6 $16) 30. e3 $18 Nd5 31. Qc2 Rb5 (31... Ra6 $142 32. Ra1 Rda8) 32. Ra1 {Nc4 is the strong threat.} Bb4 33. Nc6 Re8 34. Qc4 (34. e4 $142) 34... Rb6 35. Rfc1 (35. Ne5 $18) 35... Ba3 $16 36. Rc2 {Black must now prevent Qa4.} Nb4 37. Nxb4 Rxb4 38. Qxc7 Rxb3 39. Qa7 Re7 $2 {[%mdl 8192]} (39... Qb8 $16 40. Rc7 Qxa7 41. Rxa7 Bb4) 40. Qa4 Qb4 41. Qxb4 ({Weaker is} 41. Qa8+ Kh7 42. Bf3 Rb1+ 43. Rxb1 Qxb1+ 44. Kg2 Qxc2 $18) (41. Rc8+ $142 Kh7 42. Be4+ f5 43. Qa8) 41... Bxb4 $18 42. Rc8+ (42. Ra8+ $1 $18 Kh7 43. Rb8) 42... Kh7 $16 43. Rb8 ({White should try} 43. h4) 43... Ra3 44. Rb1 Bc3 45. g4 g5 (45... g6 $16) 46. Be4+ Kg7 47. Kg2 (47. Rc8 $1 $18) 47... Rea7 48. Rc8 $36 {[%mdl 2048] Black is under strong pressure.} Ba5 {[#]} (48... Bd2 $16) 49. Rbb8 $1 $18 Bc7 $2 {[#]} (49... Ra2 {might work better.} 50. Bb1 Ra1 51. Rg8+ Kf6) 50. Rg8+ $1 Kf6 51. Rbc8 (51. Rbe8 $142) 51... Ra2 52. Rh8 {Strongly threatening Rce8.} Rd2 $2 (52... Rb2 {was called for.} 53. Rxh6+ Ke7) 53. Rxh6+ Ke7 54. Rh7 Kf6 (54... Bd6 $142 55. Bg6 Kf6) 55. Rh3 $2 (55. h4 {Intending hxg5+ and mate.} Rxd4 56. exd4) 55... Bd6 56. Rd8 Bb4 57. Rdh8 Rda2 58. R8h7 {Weighted Error Value: White=0.44/Black=0.51} 1-0

[Event "27th 4NCL Congress Open 2022"]
[Site "Harrogate"]
[Date "2022.01.22"]
[Round "3.2"]
[White "Wells, Peter K"]
[Black "Sowray, Peter J"]
[Result "1/2-1/2"]
[WhiteElo "2382"]
[BlackElo "2239"]
[Annotator "TA"]
[PlyCount "120"]
[EventDate "2022.01.21"]
[EventType "swiss"]
[EventCountry "ENG"]
[SourceTitle "playchess.com"]
[Source "ChessBase"]
[SourceQuality "1"]

{[%evp 11,120,4,48,38,32,-10,0,0,11,-1,0,0,0,-4,0,-7,0,0,0,0,20,27,28,19,33,0,5,-10,2,7,0,0,20,0,0,8,8,-29,-35,-56,-66,-60,-25,-66,-43,-38,-5,-5,-5,-5,-7,-16,0,0,0,0,0,0,0,-35,-28,-43,0,0,0,0,9,-17,-10,-20,0,-37,-23,-75,-88,-100,-81,-166,-51,-173,-101,-100,-116,-133,0,0,0,0,166,135,138,114,228,0,0,0,0,0,0,0,0,0,0,0,0,0,0,0,0,0,0]} 1. c4 e6 2. g3 d5 3. Bg2 Nf6 4. Nf3 dxc4 5. Qa4+ Bd7 6. Qxc4 Bc6 (6... c5 $11) 7. Nc3 {A13: English Opening: 1...e6.} a6 {[#]} 8. b4 $146 (8. O-O $14 {is more appropriate.}) ({Predecessor:} 8. O-O b5 9. Qb3 Nbd7 10. d3 Be7 11. Bd2 O-O 12. Rfc1 Bb7 13. Nd1 c5 14. a4 c4 15. dxc4 {0-1 (34) Lunev,A (2509)-Kortschnoj,V (2632) Togliatti 2003}) 8... Nbd7 {[%cal Bb8d7,Bd7e5,Be5d3][%mdl 32]} 9. O-O Bxf3 10. exf3 {[%cal Be2f3,Bf3f4,Bf4f5][%mdl 32]} Ne5 11. Qe2 Nd3 12. f4 c6 13. f5 Bxb4 14. fxe6 {Black must now prevent Rb1.} O-O 15. Rb1 {[%cal Ob1b4] Threatens to win with Rxb4!} Re8 16. exf7+ Kxf7 17. Qd1 Re7 18. Na4 Qd4 19. a3 Ba5 {[%cal Oe7e1] Hoping for ...Re1!} ({Don't take} 19... Re1 20. Qxe1 (20. Qf3 Be7 $14) 20... Nxe1 21. Rxb4 $14) 20. Bb2 Nxb2 21. Nxb2 Bb6 22. Qb3+ Kf8 23. Nc4 Ba7 24. Rbd1 Rd8 25. Ne3 Qd3 {To avoid Nf5} 26. Qb4 Kf7 27. Bf3 (27. Rfe1 $11) 27... g6 (27... Rd4 $5 {[%cal Rd4b4]} 28. Qb2 g6 $15) 28. Rfe1 {[%cal Oe3d5]} Rd4 {Prevents Nd5.} 29. Nc4 Rdd7 30. Rxe7+ Rxe7 31. Qc3 Qd4 32. Qxd4 Bxd4 33. Rb1 b5 34. Na5 c5 35. d3 Rd7 36. Nb3 Rc7 (36... Nd5 $15) 37. Rc1 $11 Ne8 38. Rc2 Ke6 39. h4 {[%cal Of3c6]} Kd6 {Inhibits Bc6.} 40. Kg2 Be5 41. Be2 {[%cal Oa3a4]} Ng7 42. f4 (42. a4 $11) 42... Bf6 $17 43. Nd2 Bd4 44. Bg4 {[#]} (44. Bf3 $17) 44... h5 (44... Nf5 $1 $19 {[%cal Rf5e3] ...Ne3+ is the strong threat.} 45. Kf3 Kd5) 45. Bh3 ({White should play} 45. Bf3 $1 $15) 45... a5 (45... Nf5 $19 {Strongly threatening ...Ne3+.} 46. Kf3 Kd5) 46. a4 bxa4 47. Ra2 Rb7 (47... Kc6 $17 {And now ...Kb5 would win.} 48. Nf3 Nf5 49. Rxa4 Kb5) 48. Nc4+ $1 $11 Kc7 49. Rxa4 Nf5 $2 (49... Bc3 $1 $11 {and Black stays safe.}) 50. Bxf5 gxf5 51. Rxa5 $18 {[%mdl 4096] Endgame KRB-KRN} Rb1 {[#]} (51... Kd7 $16 52. Ra3 Ke7) 52. Kf3 $2 ({White has to play} 52. Ra7+ $1 $18 Kd8 53. Rh7) 52... Rf1+ $11 {The position is equal.} 53. Ke2 Rf2+ 54. Ke1 Rf3 55. Ke2 Rxg3 56. Ra7+ Kc6 57. Rf7 Rh3 58. Rxf5 Rxh4 59. Ne5+ Bxe5 60. Rxe5 Rxf4 {Weighted Error Value: White=0.18 (very precise) /Black=0.21 (precise)} 1/2-1/2

[Event "27th 4NCL Congress Open 2022"]
[Site "Harrogate"]
[Date "2022.01.22"]
[Round "3.3"]
[White "Derakhshani, Borna"]
[Black "Clarke, Brandon G I"]
[Result "1/2-1/2"]
[WhiteElo "2361"]
[BlackElo "2430"]
[Annotator "TA"]
[PlyCount "79"]
[EventDate "2022.01.21"]
[EventType "swiss"]
[EventCountry "ENG"]
[SourceTitle "playchess.com"]
[Source "ChessBase"]
[SourceQuality "1"]

{[%evp 16,79,5,16,21,-5,0,7,10,0,0,0,0,2,10,0,0,-19,14,0,2,-16,-20,-23,-20,-15,-9,-22,-3,-37,-27,-30,0,0,0,-69,-58,-97,-85,-82,-47,-41,-53,-49,-38,-47,-35,-40,-2,-9,-12,-25,-22,-72,-54,-57,-52,-47,-45,-45,-57,-49,-54,-47,-8,-12]} 1. Nf3 Nf6 2. b3 g6 3. Bb2 Bg7 4. g3 d6 5. Bg2 e5 6. d3 O-O 7. O-O Nc6 8. c4 $1 {8.c4 is better than 8.Nbd2.} Re8 9. Nc3 Bf5 {A15: English Opening: 1...Nf6.} 10. e4 Bg4 11. h3 Bxf3 12. Bxf3 Nd7 13. Ne2 Nc5 {[#]} 14. Qd2 $146 ({Predecessor:} 14. Bg2 a5 15. Bc3 Rb8 16. Qd2 b5 17. cxb5 Rxb5 18. Rac1 Qb8 19. Ba1 Nd4 20. Bxd4 exd4 {1-0 (37) Blatny,P (2515)-Dzindzichashvili,R (2545) Philadelphia 1996}) 14... a5 15. Bg2 Qb8 16. f4 Qa7 {[%csl LRb3,LRd3,LRe4]} 17. Kh1 a4 18. b4 {[#]} Nxb4 19. Qxb4 Nxd3 20. Qa3 Nxb2 21. Qxb2 {Threatens to win with f5.} exf4 {[%mdl 64] Discovered Attack} 22. Qc1 Bxa1 23. Qxa1 Qc5 {aiming for ...fxg3.} (23... f3 $5 24. Bxf3 Qc5 $11) 24. Nxf4 c6 {To avoid Nd5} (24... Qxc4 $2 25. Rc1 Qa6 26. Nd5 $18) 25. Qf6 (25. Qc3 $11) 25... Qe5 $15 ({Much worse is} 25... Qxc4 26. Nd5 cxd5 27. Qxf7+ Kh8 28. Qf6+ Kg8 29. Qf7+ Kh8 30. Qf6+ Kg8 31. Qf7+ $11) 26. Nd3 {[%csl LRe5,LRf7]} Qxf6 27. Rxf6 Re6 28. Rf2 a3 29. Kg1 Ra5 30. g4 Kg7 31. Rc2 Rf6 32. Rc3 h6 33. Rb3 Ra4 34. c5 (34. Rc3 $1 $11 {remains equal.}) 34... Rd4 35. Rxa3 dxc5 {[#] And now ...c4 would win.} 36. e5 Re6 {Hoping for ...c4.} 37. Nxc5 Rxe5 38. Nxb7 Rd2 39. Bf1 h5 {[%mdl 1024] Black has compensation.} 40. Na5 {Weighted Error Value: White=0.13 (very precise) /Black=0.08 (flawless)} 1/2-1/2

[Event "27th 4NCL Congress Open 2022"]
[Site "Harrogate"]
[Date "2022.01.22"]
[Round "3.4"]
[White "Pal, Rohan"]
[Black "Willow, Jonah B"]
[Result "0-1"]
[WhiteElo "1817"]
[BlackElo "2381"]
[Annotator "TA"]
[PlyCount "76"]
[EventDate "2022.01.21"]
[EventType "swiss"]
[EventCountry "ENG"]
[SourceTitle "playchess.com"]
[Source "ChessBase"]
[SourceQuality "1"]

{[%evp 15,76,0,9,0,0,-29,-3,-39,-29,-19,-19,-19,-17,-37,-34,-56,2,0,0,-17,-8,-24,-11,-28,-29,-44,-37,-41,32,-112,-91,-87,-56,-83,-83,-80,-79,-107,-47,-122,-116,-111,-104,-89,-80,-120,-119,-164,-154,-228,-235,-231,-228,-253,-130,-128,-69,-163,-162,-29991,-29992,-29998,-29999]} 1. e4 c5 2. Nf3 Nc6 3. Bb5 g6 4. O-O Bg7 5. c3 Nf6 6. Re1 O-O 7. h3 Qb6 8. Na3 {[%cal Bb1a3,Ba3c2,Bc2e3,Be3c4][%mdl 32] 8.a4 is the modern continuation.} d6 {[#]} 9. Qe2 $146 {B31: Sicilian: 2...Nc6 3 Bb5 g6.} ({Predecessor:} 9. Bf1 a6 10. d3 Qc7 11. Bf4 e5 12. Bg5 h6 13. Bxf6 Bxf6 14. Nc4 Be6 15. Ne3 Bg7 16. g3 f5 {0-1 (40) Chigaev,M (2551)-Alekseev,E (2636) St Petersburg 2016}) 9... e5 10. Nc2 a6 11. Bc4 {The position is equal.} Na5 {[%cal Of6e4]} (11... Nxe4 {is interesting.} 12. Qxe4 Bf5 13. Qh4 Bxc2 14. d3 Rad8) 12. Ne3 Nxc4 13. Nxc4 Qc7 14. a4 Be6 15. a5 h6 (15... d5 $1 $15 16. exd5 Nxd5) 16. Nb6 Rae8 17. d3 Nd7 18. Nxd7 Bxd7 19. b4 cxb4 20. cxb4 Bb5 21. Bb2 d5 ({Black should play} 21... f5 $15) 22. Qe3 (22. exd5 $14 {keeps the upper hand.} f6 23. Rac1) 22... Qc2 23. Qd2 Qxd3 24. Qxd3 Bxd3 {This bishop pair is nice.} 25. exd5 {[%cal Rb2e5]} f6 26. Rad1 Bc4 (26... Bc2 $1 $17 {[%cal Rc2d1]} 27. Rd2 Ba4) 27. Rd2 (27. d6 $15) 27... Rd8 $17 28. d6 Rd7 29. Nh4 Bf7 (29... Kf7 {keeps more tension.} 30. f4 exf4 31. Rd4 f5 32. Rxf4 Bxb2 33. Rxc4 Bf6) 30. Rc1 Rfd8 {[%cal Bf8d8,Bd8d7,Bd7d1][%mdl 32]} 31. Rc7 {[#]} (31. b5 $17) 31... Bf8 $1 $19 {[%cal Bg7f8,Bf8d6,Bd6f4][%mdl 32]} ({Inferior is} 31... Rxd6 32. Rxd6 Rxd6 33. Rxb7 $15) 32. f4 (32. b5 $17) 32... Bxd6 ({And not} 32... Rxd6 33. Rxd6 Rxd6 34. fxe5 Rd1+ 35. Kh2 $17) 33. Rxd7 Rxd7 34. Kh1 {aiming for fxe5.} e4 ({Wrong is} 34... exf4 $2 35. Bxf6 Be8 36. Bc3 $19) (34... Be6 $19 35. Bc3 exf4 36. Nxg6 f3 37. gxf3 Kf7) 35. Bxf6 $17 e3 ({Better is} 35... Be6 $17 36. Nxg6 Bf5) 36. Rd3 {[#]} ({White should try} 36. Rd4 $15) 36... e2 $1 $19 37. Re3 $2 (37. Nf3 $19 Be6 38. Bc3) 37... Bxf4 {[%cal Rd7d1]} 38. Rxe2 Rd1+ {Weighted Error Value: White=0.49/Black=0.20 (precise)} 0-1

[Event "27th 4NCL Congress Open 2022"]
[Site "Harrogate"]
[Date "2022.01.22"]
[Round "3.5"]
[White "Jones, Steven A"]
[Black "Townsend, M Paul"]
[Result "1-0"]
[WhiteElo "2212"]
[BlackElo "2159"]
[Annotator "ChessBase"]
[PlyCount "95"]
[EventDate "2022.01.21"]
[EventType "swiss"]
[EventCountry "ENG"]
[SourceTitle "playchess.com"]
[Source "ChessBase"]
[SourceQuality "1"]
[TimeControl "5400+30"]

1. e4 {[%emt 0:00:14]} e6 {[%emt 0:00:13]} 2. d4 {[%emt 0:00:53]} d5 {[%emt 0:00:10]} 3. exd5 {[%emt 0:00:35]} exd5 {[%emt 0:00:07]} 4. Nf3 {[%emt 0:00:10]} Nf6 {[%emt 0:00:27]} 5. Bd3 {[%emt 0:00:38]} c5 {[%emt 0:01:37]} 6. O-O {[%emt 0:00:37]} c4 {[%emt 0:02:01]} 7. Re1+ {[%emt 0:00:03]} Be7 {[%emt 0:00:07]} 8. Bf1 {[%emt 0:00:14]} O-O {[%emt 0:00:22]} 9. b3 {[%emt 0:06:03]} cxb3 {[%emt 0:08:08]} 10. axb3 {[%emt 0:00:05]} Nc6 {[%emt 0:00:47]} 11. Ne5 {[%emt 0:15:34]} Nxe5 {[%emt 0:14:20]} 12. dxe5 {[%emt 0:04:15]} Ne4 {[%emt 0:01:23]} 13. Bd3 {[%emt 0:04:34]} Bb4 {[%emt 0:12:12]} 14. c3 {[%emt 0:04:19]} Bc5 {[%emt 0:08:20]} 15. Be3 {[%emt 0:07:00]} Bxe3 {[%emt 0:02:26]} 16. Rxe3 {[%emt 0:00:10]} Bf5 {[%emt 0:01:12]} 17. Qc2 {[%emt 0:02:53]} Bg6 {[%emt 0:10:34]} 18. Nd2 {[%emt 0:02:22]} Nc5 {[%emt 0:04:12]} 19. Bxg6 {[%emt 0:02:23]} hxg6 {[%emt 0:00:05]} 20. Nf3 {[%emt 0:01:43]} Qb6 {[%emt 0:01:27]} 21. Nd4 {[%emt 0:02:35]} Rac8 {[%emt 0:01:27]} 22. h4 {[%emt 0:04:44]} Ne6 {[%emt 0:04:11]} 23. Nxe6 {[%emt 0:01:10]} Qxe6 {[%emt 0:00:26]} 24. Qd3 {[%emt 0:04:12]} a6 {[%emt 0:00:37]} 25. Ra4 {[%emt 0:00:39]} Rc5 {[%emt 0:02:57]} 26. Rd4 {[%emt 0:03:53]} Rfc8 {[%emt 0:01:25]} 27. Qd2 {[%emt 0:07:21]} Qc6 {[%emt 0:02:45]} 28. Rdd3 {[%emt 0:01:48]} a5 {[%emt 0:00:58]} 29. Rh3 {[%emt 0:04:14]} b5 {[%emt 0:04:52]} 30. h5 {[%emt 0:02:14]} Qe6 {[%emt 0:08:24]} 31. hxg6 {[%emt 0:05:29]} fxg6 {[%emt 0:00:07]} 32. Qg5 {[%emt 0:01:17]} Qf5 {[%emt 0:05:12]} 33. Qh4 {[%emt 0:00:59]} Qh5 {[%emt 0:00:51]} 34. Qe7 {[%emt 0:00:24]} Qf5 {[%emt 0:00:24]} 35. Rhf3 {[%emt 0:01:00]} R5c7 {[%emt 0:00:27]} 36. Qd6 {[%emt 0:01:01]} Qd7 {[%emt 0:01:02]} 37. Qxg6 {[%emt 0:00:18]} Rc6 {[%emt 0:00:41]} 38. Qg5 {[%emt 0:01:57]} a4 {[%emt 0:00:22]} 39. Qd2 {[%emt 0:03:08]} a3 {[%emt 0:01:22]} 40. Rxd5 {[%emt 0:00:30]} Qe6 {[%emt 0:00:03]} 41. Rd8+ {[%emt 0:00:18]} Rxd8 {[%emt 0:00:21]} 42. Qxd8+ {[%emt 0:00:04]} Kh7 {[%emt 0:00:09]} 43. Rh3+ {[%emt 0:00:58]} Kg6 {[%emt 0:00:26]} 44. Qf8 {[%emt 0:01:09]} Qxh3 {[%emt 0:01:13]} 45. gxh3 {[%emt 0:00:42]} Ra6 {[%emt 0:00:16]} 46. Qc8 {[%emt 0:00:21]} Ra5 {[%emt 0:01:21]} 47. Qc7 {[%emt 0:00:15]} Ra6 {[%emt 0:00:08]} 48. Qb7 {[%emt 0:00:10]} 1-0

[Event "27th 4NCL Congress Open 2022"]
[Site "Harrogate"]
[Date "2022.01.22"]
[Round "3.6"]
[White "Bradbury, Neil H"]
[Black "Gardiner, Eric D"]
[Result "1/2-1/2"]
[WhiteElo "2241"]
[BlackElo "1982"]
[Annotator "ChessBase"]
[PlyCount "87"]
[EventDate "2022.01.21"]
[EventType "swiss"]
[EventCountry "ENG"]
[SourceTitle "playchess.com"]
[Source "ChessBase"]
[SourceQuality "1"]
[TimeControl "5400+30"]

1. d4 {[%emt 0:04:31]} d5 {[%emt 0:00:14]} 2. c4 {[%emt 0:00:11]} dxc4 {[%emt 0:00:07]} 3. Nf3 {[%emt 0:00:19]} a6 {[%emt 0:00:17]} 4. a4 {[%emt 0:02:55]} Nf6 {[%emt 0:10:11]} 5. e3 {[%emt 0:07:24]} Bg4 {[%emt 0:02:55]} 6. Bxc4 {[%emt 0:03:24]} e6 {[%emt 0:05:05]} 7. Nc3 {[%emt 0:05:17]} Nc6 {[%emt 0:02:25]} 8. h3 {[%emt 0:08:43]} Bh5 {[%emt 0:03:17]} 9. O-O {[%emt 0:03:52]} Be7 {[%emt 0:02:55]} 10. Re1 {[%emt 0:03:07]} O-O {[%emt 0:06:04]} 11. Bf1 {[%emt 0:06:16]} Bb4 {[%emt 0:06:48]} 12. g4 {[%emt 0:06:23]} Bg6 {[%emt 0:00:38]} 13. Bg2 {[%emt 0:00:41]} Ne4 {[%emt 0:09:06]} 14. Bd2 {[%emt 0:05:28]} Nxd2 {[%emt 0:09:44]} 15. Nxd2 {[%emt 0:01:00]} Qd7 {[%emt 0:06:45]} 16. Rc1 {[%emt 0:03:18]} Rad8 {[%emt 0:02:03]} 17. Nc4 {[%emt 0:07:54]} b5 {[%emt 0:09:11]} 18. axb5 {[%emt 0:12:03]} axb5 {[%emt 0:00:13]} 19. Na3 {[%emt 0:03:09]} Bxc3 {[%emt 0:07:08]} 20. bxc3 {[%emt 0:03:56]} Na5 {[%emt 0:02:33]} 21. Ra1 {[%emt 0:00:34]} c5 {[%emt 0:04:21]} 22. dxc5 {[%emt 0:04:46]} Qe7 {[%emt 0:00:52]} 23. Qe2 {[%emt 0:00:14]} Nb3 {[%emt 0:01:34]} 24. Ra2 {[%emt 0:02:20]} Qxc5 {[%emt 0:01:14]} 25. e4 {[%emt 0:01:28]} Qxc3 {[%emt 0:01:33]} 26. Nxb5 {[%emt 0:00:02]} Qe5 {[%emt 0:00:42]} 27. Na3 {[%emt 0:01:36]} Nd4 {[%emt 0:00:47]} 28. Qe3 {[%emt 0:00:11]} f6 {[%emt 0:04:35]} 29. Rd2 {[%emt 0:00:59]} Nc6 {[%emt 0:00:43]} 30. Nc4 {[%emt 0:01:53]} Qb5 {[%emt 0:00:46]} 31. Nd6 {[%emt 0:01:05]} Qb4 {[%emt 0:00:18]} 32. Red1 {[%emt 0:00:04]} e5 {[%emt 0:00:28]} 33. Nf5 {[%emt 0:00:23]} Rxd2 {[%emt 0:00:30]} 34. Qxd2 {[%emt 0:00:16]} Qxd2 {[%emt 0:00:20]} 35. Rxd2 {[%emt 0:00:05]} Bxf5 {[%emt 0:00:27]} 36. exf5 {[%emt 0:00:08]} Nd4 {[%emt 0:00:42]} 37. f4 {[%emt 0:01:16]} Rd8 {[%emt 0:00:18]} 38. Kf2 {[%emt 0:00:58]} exf4 {[%emt 0:00:55]} 39. Rb2 {[%emt 0:00:07]} g5 {[%emt 0:01:52]} 40. Rb6 {[%emt 0:01:13]} Kg7 {[%emt 0:00:00]} 41. Rb7+ {[%emt 0:00:06]} Kg8 {[%emt 0:00:00]} 42. Rb6 {[%emt 0:00:07]} Kg7 {[%emt 0:00:00]} 43. Rb7+ {[%emt 0:00:04]} Kg8 {[%emt 0:00:00]} 44. Rb6 {[%emt 0:00:42]} 1/2-1/2